01382nam a2200289 i 4500001001000000003000900010005001700019007000300036008004100039040003000080041000800110082002200118245011600140264004200256300002800298336002700326337003300353338002800386500003900414505039000453650004100843651005800884700004300942700003300985700003801018700003601056000013282DO-SdBNP20260310142407.0ta091123s1986 dr 001 0 spa d aDO-SdBNPbspacBNPHuerda aspa a320.54bC343a22200aActualidad y perspectivas de la cuestión nacional en la República Dominicana /cRoberto Cassá ...[et.al]. 1aSanto Domingo :bAlfa & Omega,c1986. a113 páginas ;c21 cm. atextobtxt2rdacontent asin mediaciónbn2rdamedia avolumenbnc2rdacarrier aIncluye notas en la (p. 101 - 111)0 aPresentación -- La perspectiva nacional: problemática histórica y teórica -- Peculiaridades de la formación de la nación dominicana -- Los intelectuales liberales -- El trujillismo y la mistificación de la nacional -- El horizonte populista : relevo postrujillista y fracaso -- Las actuales tendencias desnacionalizantes -- El desafío de la crisis -- notas -- índice. 4aNacionalismoxRepública Dominicana 4aRepública DominicanaxPolítica y gobierno,y1961-1 aCassá, Roberto, d1948-eautor4aut.1 aOrtíz, Dante,eautor4aut. aGonzález, Raymundoeautor4aut.1 aRodríguez, Genaoeautor4aut.